Who is this - singers - Statistics

General Stats
  • This quiz has been taken 24 times
  • The average score is 5 of 24
Answer Stats
Picture Answer % Correct
Jennifer Lopez
86%
Pitbull
81%
Shakira
76%
Céline Dion
62%
Enrique Iglesias
48%
David Guetta
24%
GIMS
14%
Senhit
14%
Aymane Serhani
10%
Dana International
10%
Don Omar
10%
Eleni Foureira
10%
Lena
10%
Miki
10%
Netta
10%
Ruslana
10%
Verka Serduchka
10%
Annie Villeneuve
5%
Doris Dragović
5%
Helena Paparizou
5%
Imri
5%
Little Big
5%
Mohamed Hamaki
5%
Mohombi
5%
No matching quizzes found
Score Distribution
Percent of People with Each Score
Percentile by Number Answered
Your Score History
You have not taken this quiz